Zákon o daniach z príjmov

Zdaňovanie príjmov dosiahnutých po 1. januári 2000 podlieha novému zákonu č. 366/1999 Z.z. o daniach z príjmov. Úplné znenie zákona aj s odborným komentárom.

Gespeichert in:
Bibliographische Detailangaben
Format: Buchkapitel
Sprache:Slowakisch
Schlagworte:
Tags: Tag hinzufügen
Keine Tags, Fügen Sie das erste Tag hinzu!

MARC

LEADER 00000naa a2200000 4500
001 r037538
005 20230919115109.3
041 0 |a slo 
044 |a SK 
245 1 0 |a Zákon o daniach z príjmov 
520 |a Zdaňovanie príjmov dosiahnutých po 1. januári 2000 podlieha novému zákonu č. 366/1999 Z.z. o daniach z príjmov. Úplné znenie zákona aj s odborným komentárom. 
610 2 0 |a zdaňovanie 
610 2 0 |a dane z príjmov 
610 2 0 |a osoby fyzické 
610 2 0 |a osoby právnické 
610 2 0 |a sadzby daňové 
610 2 0 |a zákony 
610 2 0 |a novelizácia 
610 2 0 |a Slovensko 
610 2 0 |a 2000